00852cam a22002535a 4500999001700000005001700017008004100034020001800075040003600093082001700129100002500146245006300171250001200234260004200246300003500288490002000323650002200343650005500365651001000420653002100430700003200451942000800483952010700491 c27561d2753220190624115352.0121122t2012 enka fr 001 0 eng d a9780273765103 aIiNdDKAbengcIiNdDKAdEG-ScBUE04a330222bSLO1 aSloman, John,d1947-10aEconomics :bstudent workbook /cJohn Sloman, Peter Smith. a8th ed. aHarlow :bPearson Education,cc.2012. aviii, 299 p. :bill. ;c27 cm.0 aAlways learning 7aEconomics.2BUEsh 7aEconomicsvProblems, exercises, etc.2BUEsh931050 2BUEsh bBUSECOcJune20191 aSmith, Peter,d1947-931051 2ddc 00102ddc4070aMAINbMAINc1STd2019-06-24eDonationl0o330 SLOp000044681r2025-07-15 00:00:00yBB